[Event "DEM U12/U12w 2009"]
[Site "Willingen GER"]
[Date "2009.06.03"]
[Round "7"]
[White "Herbrig, Marie-Helen"]
[Black "Bajorski, Maria Sophie"]
[Result "1-0"]
[Termination "normal"]
[Board "43"]
[WhiteElo "1248"]
[BlackElo "1485"]
[PlyCount "77"]
[WhiteFideId "12900427"]
[BlackFideId "24654531"]
[EventCountry "GER"]
[EventRounds "11"]
[EventType "swiss"]
[EventDate "2009.05.30"]

1. e4 e5 2. Nf3 Nc6 3. d4 exd4 4. Nxd4 Bc5 5. Be3 Qf6 6. c3 d6 7. Nc2 Bb6 8.
Bxb6 axb6 9. Nd2 Nge7 10. Bd3 O-O 11. O-O Ng6 12. Ne3 Be6 13. Nf3 Rfd8 14. Bc2
Rd7 15. Ba4 Re7 16. Re1 Nce5 17. Nd4 Rf8 18. Ndf5 Bxf5 19. Nd5 Qh4 20. Nxe7+
Nxe7 21. exf5 Nxf5 22. Bc2 Ng4 23. Qd2 Nfh6 24. h3 Nf6 25. Re7 Rc8 26. Rae1 g6
27. Bb3 Kg7 28. Kh2 Nhg4+ 29. Kg1 Ne5 30. R1xe5 dxe5 31. Rxf7+ Kh8 32. g3 Ne4
33. Qd7 Nf6 34. Qxc8+ Ng8 35. gxh4 h6 36. Qd7 Nf6 37. Rf8+ Ng8 38. Qf7 g5 39.
Qxg8# 1-0

[Event "DEM U12/U12w 2009"]
[Site "Willingen GER"]
[Date "2009.06.03"]
[Round "7"]
[White "Koch, Elisabeth"]
[Black "Michels, Kim"]
[Result "1-0"]
[Termination "normal"]
[Board "44"]
[WhiteElo "1301"]
[BlackElo "1349"]
[PlyCount "53"]
[WhiteFideId "24695068"]
[BlackFideId "24690066"]
[EventCountry "GER"]
[EventRounds "11"]
[EventType "swiss"]
[EventDate "2009.05.30"]

1. e4 c5 2. Nf3 Nc6 3. d4 cxd4 4. Nxd4 g6 5. Be3 Bg7 6. Nc3 Nf6 7. f3 O-O 8.
Qd2 d5 9. O-O-O dxe4 10. Nxe4 Nxe4 11. fxe4 Qc7 12. h4 Rd8 13. Qf2 Bg4 14. Be2
Bxe2 15. Nxe2 Nb4 16. c3 Nc6 17. g4 Ne5 18. Bd4 Nxg4 19. Qg2 Nf6 20. Rdg1 h5
21. Bxf6 Bxf6 22. Ng3 Qc5 23. Qf3 Kh7 24. Rg2 Rac8 25. Rhg1 Qb5 26. Nf5 gxf5
27. Qxh5# 1-0

[Event "DEM U12/U12w 2009"]
[Site "Willingen GER"]
[Date "2009.06.03"]
[Round "7"]
[White "Weber, Sandra"]
[Black "Behr, Jessica"]
[Result "0-1"]
[Termination "normal"]
[Board "46"]
[WhiteElo "1315"]
[BlackElo "1053"]
[PlyCount "22"]
[WhiteFideId "1270049"]
[EventCountry "GER"]
[EventRounds "11"]
[EventType "swiss"]
[EventDate "2009.05.30"]

1. e4 e6 2. d4 d5 3. Nd2 Nf6 4. Bd3 c5 5. e5 Nfd7 6. c3 Nc6 7. Ndf3 Qa5 8. Ke2
Be7 9. Nh3 h6 10. Bc2 b6 11. Be3 Qb5+ 0-1

[Event "DEM U12/U12w 2009"]
[Site "Willingen GER"]
[Date "2009.06.03"]
[Round "7"]
[White "Fuchs, Linda"]
[Black "Gaßmann, Linda"]
[Result "1-0"]
[Termination "normal"]
[Board "47"]
[WhiteElo "1202"]
[BlackElo "1143"]
[PlyCount "47"]
[WhiteFideId "12900435"]
[BlackFideId "12900451"]
[EventCountry "GER"]
[EventRounds "11"]
[EventType "swiss"]
[EventDate "2009.05.30"]

1. e4 e5 2. Nf3 Nc6 3. Bc4 Bc5 4. c3 Nf6 5. d4 exd4 6. cxd4 Bb4+ 7. Bd2 Nxe4 8.
Bxb4 Nxb4 9. Bxf7+ Kxf7 10. Qb3+ Ke8 11. Qxb4 c6 12. O-O d5 13. Re1 Kd7 14.
Nbd2 Nxd2 15. Qxd2 Re8 16. Ne5+ Kc7 17. Qf4 Kb6 18. Rac1 Bd7 19. b4 Qc7 20. Rc5
a6 21. Rcc1 Rf8 22. Qg3 g6 23. Qc3 Ka7 24. Qc5+ 1-0

[Event "DEM U12/U12w 2009"]
[Site "Willingen GER"]
[Date "2009.06.03"]
[Round "7"]
[White "Sadjjadi, Anahita"]
[Black "Paliy, Margaryta"]
[Result "0-1"]
[Termination "normal"]
[Board "48"]
[WhiteElo "1010"]
[BlackElo "1047"]
[PlyCount "52"]
[BlackFideId "24692417"]
[EventCountry "GER"]
[EventRounds "11"]
[EventType "swiss"]
[EventDate "2009.05.30"]

1. e4 e5 2. Nf3 Nc6 3. Bb5 d6 4. Nc3 Bg4 5. d3 Nf6 6. Bg5 Be7 7. Bxf6 Bxf6 8.
Nd5 O-O 9. O-O Nd4 10. h3 Nxf3+ 11. gxf3 Bxh3 12. Re1 Bh4 13. f4 exf4 14. Nxf4
Qg5+ 15. Kh2 Qxf4+ 16. Kxh3 Bxf2 17. Qg4 Qh6+ 18. Kg2 Bxe1 19. Rxe1 c6 20. Bc4
Rfe8 21. Rf1 Re7 22. b3 Rd8 23. Qf3 d5 24. exd5 cxd5 25. Bxd5 Qg5+ 26. Qg3
Qxd5+ 0-1

[Event "DEM U12/U12w 2009"]
[Site "Willingen GER"]
[Date "2009.06.03"]
[Round "7"]
[White "Müller, Max"]
[Black "Wagner, Swenja"]
[Result "1-0"]
[Termination "normal"]
[Board "49"]
[WhiteElo "962"]
[BlackElo "833"]
[PlyCount "61"]
[WhiteFideId "12900486"]
[BlackFideId "12900494"]
[EventCountry "GER"]
[EventRounds "11"]
[EventType "swiss"]
[EventDate "2009.05.30"]

1. e4 e5 2. Nf3 Nc6 3. Bc4 Bc5 4. c3 Nf6 5. d3 d6 6. O-O Bg4 7. Nbd2 O-O 8. h3
Bh5 9. b4 Bb6 10. Re1 Qd7 11. Nf1 Rfe8 12. Ng3 a5 13. b5 Na7 14. Nxh5 Nxh5 15.
Ng5 Nf6 16. Nxf7 Kf8 17. Qb3 d5 18. exd5 Qxf7 19. Be3 Bxe3 20. Rxe3 Qg6 21.
Rae1 Nh5 22. Rxe5 Nf4 23. Rxe8+ Rxe8 24. Rxe8+ Kxe8 25. g3 Nxh3+ 26. Kf1 Qf5
27. Qc2 c6 28. Qe2+ Kd8 29. d6 cxb5 30. Qe7+ Kc8 31. Qc7# 1-0

[Event "DEM U12/U12w 2009"]
[Site "Willingen GER"]
[Date "2009.06.04"]
[Round "8"]
[White "Svane, Rasmus"]
[Black "Wagner, Dennis"]
[Result "1-0"]
[Termination "normal"]
[Board "1"]
[WhiteElo "2034"]
[BlackElo "2024"]
[PlyCount "119"]
[WhiteFideId "4657101"]
[BlackFideId "24650684"]
[EventCountry "GER"]
[EventRounds "11"]
[EventType "swiss"]
[EventDate "2009.05.30"]

1. Nf3 d5 2. c4 c6 3. b3 Bf5 4. Bb2 Nd7 5. g3 Ngf6 6. Bg2 e6 7. O-O Be7 8. d3
h6 9. Nbd2 O-O 10. Rc1 Bh7 11. Rc2 Bd6 12. Qa1 Qe7 13. Ne5 Nxe5 14. Bxe5 Bxe5
15. Qxe5 Rfe8 16. Rfc1 Rac8 17. Qb2 Rc7 18. b4 Rec8 19. b5 cxb5 20. Qxb5 Rc5
21. Qb2 dxc4 22. Rxc4 b6 23. Qd4 Rxc4 24. Rxc4 Rxc4 25. Qxc4 Qd7 26. Bc6 Qc7
27. Bb5 Nd5 28. a4 Kf8 29. e4 Qxc4 30. Nxc4 Ne7 31. Nd6 e5 32. f4 f6 33. Kf2
Bg8 34. Ke3 Be6 35. f5 Bc8 36. g4 a6 37. Be8 Ng8 38. Nxc8 Kxe8 39. Nxb6 Ne7 40.
d4 exd4+ 41. Kxd4 Nc6+ 42. Kc5 Ne5 43. Nd5 Nxg4 44. Kb6 Nxh2 45. Kxa6 Nf3 46.
Kb7 Nd2 47. a5 Nb3 48. a6 Nc5+ 49. Kb6 Nxa6 50. Kxa6 Kf7 51. Kb5 g5 52. Kc4 h5
53. Kd3 Kg7 54. Ke3 Kf7 55. Nc7 Ke7 56. Ne6 Kd6 57. Ng7 h4 58. Nh5 Ke5 59. Kf3
h3 60. Ng3 1-0

[Event "DEM U12/U12w 2009"]
[Site "Willingen GER"]
[Date "2009.06.04"]
[Round "8"]
[White "Yankelevich, Lev"]
[Black "Xu, Xianliang"]
[Result "1/2-1/2"]
[Termination "normal"]
[Board "2"]
[WhiteElo "1898"]
[BlackElo "1921"]
[PlyCount "104"]
[WhiteFideId "24684074"]
[BlackFideId "4603230"]
[EventCountry "GER"]
[EventRounds "11"]
[EventType "swiss"]
[EventDate "2009.05.30"]

1. e4 c5 2. Nf3 Nc6 3. d4 cxd4 4. Nxd4 g6 5. c4 Nf6 6. Nc3 Nxd4 7. Qxd4 d6 8.
Be3 Bg7 9. f3 O-O 10. Qd2 Be6 11. Rc1 Qa5 12. Be2 Rfc8 13. b3 a6 14. Nd5 Qxd2+
15. Kxd2 Nxd5 16. cxd5 Bd7 17. g4 Bb2 18. Rc2 Rxc2+ 19. Kxc2 Be5 20. Bd3 Rc8+
21. Kd2 Bb2 22. h3 Bc3+ 23. Ke2 Be5 24. Rc1 Rxc1 25. Bxc1 Bd4 26. Be3 Bxe3 27.
Kxe3 Kg7 28. h4 Kf8 29. g5 Ke8 30. a4 Kd8 31. a5 Kc7 32. Kd4 Bh3 33. f4 Bd7 34.
f5 Kd8 35. Ke3 Ke8 36. Kf4 Bc8 37. e5 dxe5+ 38. Kxe5 Bxf5 39. Bxf5 gxf5 40.
Kxf5 Kd7 41. Ke5 Kc7 42. h5 Kd7 43. Kd4 Kd6 44. b4 e6 45. dxe6 Kxe6 46. Ke4 f6
47. Kf4 fxg5+ 48. Kxg5 Kf7 49. Kh6 Kg8 50. Kg5 Kf7 51. Kh6 Kg8 52. Kg5 Kf7
1/2-1/2

[Event "DEM U12/U12w 2009"]
[Site "Willingen GER"]
[Date "2009.06.04"]
[Round "8"]
[White "Blübaum, Matthias"]
[Black "Kvetny, Mark"]
[Result "1/2-1/2"]
[Termination "normal"]
[Board "3"]
[WhiteElo "2051"]
[BlackElo "1858"]
[PlyCount "82"]
[WhiteFideId "24651516"]
[BlackFideId "24603929"]
[EventCountry "GER"]
[EventRounds "11"]
[EventType "swiss"]
[EventDate "2009.05.30"]

1. d4 Nf6 2. c4 e6 3. Nc3 Bb4 4. Qc2 c5 5. dxc5 Bxc5 6. Nf3 Qb6 7. e3 Qc7 8.
Be2 a6 9. O-O O-O 10. b3 Be7 11. Bb2 b6 12. Ne4 Nxe4 13. Qxe4 Bb7 14. Qg4 f6
15. Bd3 Rf7 16. Qh5 g6 17. Qg4 Nc6 18. Rac1 Rg7 19. Rfd1 Kf7 20. Bb1 Bd6 21.
Qh4 Be7 22. Rd2 Rh8 23. Rcd1 Nb8 24. Be4 h5 25. Bxb7 Qxb7 26. Qd4 g5 27. e4 h4
28. Qe3 g4 29. Ne1 g3 30. fxg3 hxg3 31. h3 Rh4 32. e5 f5 33. Qf3 Bc5+ 34. Bd4
Rxd4 35. Rxd4 Nc6 36. Kh1 Bxd4 37. Rxd4 Qc7 38. Qh5+ Kf8 39. Qh8+ Kf7 40. Qh5+
Kf8 41. Qh8+ Kf7 1/2-1/2

[Event "DEM U12/U12w 2009"]
[Site "Willingen GER"]
[Date "2009.06.04"]
[Round "8"]
[White "Schuhmacher, Jakob"]
[Black "Lampert, Jonas"]
[Result "0-1"]
[Termination "normal"]
[Board "4"]
[WhiteElo "1650"]
[BlackElo "1977"]
[PlyCount "90"]
[WhiteFideId "4612787"]
[BlackFideId "1303759"]
[EventCountry "GER"]
[EventRounds "11"]
[EventType "swiss"]
[EventDate "2009.05.30"]

1. d4 d5 2. Nf3 Nf6 3. c4 c6 4. e3 Bf5 5. Bd3 Bxd3 6. Qxd3 e6 7. O-O Nbd7 8.
Nc3 Bd6 9. e4 dxe4 10. Nxe4 Nxe4 11. Qxe4 O-O 12. Bg5 Be7 13. Bf4 Nf6 14. Qc2
Bd6 15. Bxd6 Qxd6 16. Rad1 Rfd8 17. Rfe1 c5 18. Qe2 Kf8 19. b3 h6 20. h3 Qb6
21. Qb2 Kg8 22. Rd2 cxd4 23. Red1 Rd6 24. Rxd4 Rad8 25. Qc3 Rxd4 26. Rxd4 Rxd4
27. Qxd4 Qxd4 28. Nxd4 a6 29. f3 Kf8 30. Kf2 Ke7 31. Ke3 Kd6 32. b4 Nd7 33. f4
g6 34. Nf3 e5 35. fxe5+ Nxe5 36. Nxe5 Kxe5 37. a4 b6 38. b5 axb5 39. c5 bxa4
40. cxb6 Kd6 41. Kd4 Kc6 42. Kc4 Kxb6 43. Kb4 a3 44. Kxa3 Kc5 45. Kb3 Kd4 0-1

[Event "DEM U12/U12w 2009"]
[Site "Willingen GER"]
[Date "2009.06.04"]
[Round "8"]
[White "Donchenko, Alexander"]
[Black "Töws, Manuel"]
[Result "1/2-1/2"]
[Termination "normal"]
[Board "5"]
[WhiteElo "1984"]
[BlackElo "1863"]
[PlyCount "44"]
[WhiteFideId "24603295"]
[BlackFideId "24654485"]
[EventCountry "GER"]
[EventRounds "11"]
[EventType "swiss"]
[EventDate "2009.05.30"]

1. d4 Nf6 2. Nf3 g6 3. g3 Bg7 4. Bg2 d6 5. O-O O-O 6. b3 Nbd7 7. Bb2 c5 8. c4
Rb8 9. Nc3 a6 10. a4 Ne8 11. dxc5 Nxc5 12. b4 Nd7 13. a5 b6 14. axb6 Nxb6 15.
Qb3 Be6 16. Nd2 Qc8 17. Nd5 Nxd5 18. cxd5 Bd7 19. Bxg7 Kxg7 20. Rfc1 Qb7 21.
Rab1 Nf6 22. Qe3 Bf5 1/2-1/2

[Event "DEM U12/U12w 2009"]
[Site "Willingen GER"]
[Date "2009.06.04"]
[Round "8"]
[White "Bonk, Andras"]
[Black "Peil, Christoph"]
[Result "1-0"]
[Termination "time forfeit"]
[Board "6"]
[WhiteElo "1759"]
[BlackElo "1756"]
[PlyCount "73"]
[WhiteFideId "24692123"]
[BlackFideId "24651800"]
[EventCountry "GER"]
[EventRounds "11"]
[EventType "swiss"]
[EventDate "2009.05.30"]

1. e4 c5 2. Nf3 e6 3. d4 cxd4 4. Nxd4 Nc6 5. Nc3 Nf6 6. Ndb5 d6 7. Bf4 e5 8.
Bg5 a6 9. Na3 b5 10. Nd5 Be7 11. Bxf6 Bxf6 12. c3 Bg5 13. Nc2 O-O 14. h4 Bh6
15. g4 Bf4 16. Qf3 Re8 17. Nce3 Bxe3 18. fxe3 Ne7 19. Bd3 Be6 20. g5 Rb8 21.
O-O Ng6 22. Qf2 h6 23. gxh6 Qxh4 24. Qxh4 Nxh4 25. Nc7 Re7 26. Nxa6 Rb6 27. Nb4
gxh6 28. Rf6 Kg7 29. Raf1 Ng6 30. R1f2 Re8 31. Kh2 Rb7 32. R6f3 h5 33. Bf1 Bg4
34. Rg3 Be6 35. Rgf3 Ra8 36. a3 Rc8 37. Rd2 1-0

[Event "DEM U12/U12w 2009"]
[Site "Willingen GER"]
[Date "2009.06.04"]
[Round "8"]
[White "Schröder, Jan-Christian"]
[Black "Wolff, Christopher"]
[Result "1-0"]
[Termination "normal"]
[Board "7"]
[WhiteElo "1820"]
[BlackElo "1494"]
[PlyCount "43"]
[WhiteFideId "24662259"]
[EventCountry "GER"]
[EventRounds "11"]
[EventType "swiss"]
[EventDate "2009.05.30"]

1. e4 c5 2. Nf3 e6 3. d4 cxd4 4. Nxd4 Nc6 5. Nc3 Qc7 6. Be2 Nf6 7. Be3 a6 8. f4
Bb4 9. Bf3 d5 10. e5 Bxc3+ 11. bxc3 Nd7 12. O-O O-O 13. Nb3 Ne7 14. Bd4 Nb6 15.
Be2 Na4 16. Rf3 b6 17. Bd3 Nb2 18. Bxh7+ Kxh7 19. Rh3+ Kg8 20. Qh5 f5 21. exf6
Nf5 22. fxg7 1-0

[Event "DEM U12/U12w 2009"]
[Site "Willingen GER"]
[Date "2009.06.04"]
[Round "8"]
[White "Abrahamyan, Arsen"]
[Black "Volz, Alexander"]
[Result "0-1"]
[Termination "normal"]
[Board "9"]
[WhiteElo "1573"]
[BlackElo "1650"]
[PlyCount "106"]
[WhiteFideId "1271755"]
[BlackFideId "4669126"]
[EventCountry "GER"]
[EventRounds "11"]
[EventType "swiss"]
[EventDate "2009.05.30"]

1. e4 e5 2. Nf3 Nc6 3. Bc4 Bc5 4. c3 Nf6 5. d4 exd4 6. cxd4 Bb4+ 7. Nc3 Bxc3+
8. bxc3 Nxe4 9. O-O O-O 10. d5 Ne7 11. Qd3 Nc5 12. Qe3 d6 13. Ba3 Nf5 14. Qf4
b6 15. Bxc5 bxc5 16. Bd3 Ne7 17. Ng5 Ng6 18. Qg3 Rb8 19. h4 f5 20. f4 h6 21.
Nf3 Qf6 22. c4 Re8 23. h5 Ne7 24. Rfe1 Bd7 25. Qh4 Kf7 26. Qxf6+ Kxf6 27. Re2
c6 28. dxc6 Nxc6 29. Rae1 Rxe2 30. Rxe2 Nb4 31. Bb1 Re8 32. Rd2 Re6 33. Kf2 Nc6
34. Nh4 Nd4 35. Ng6 Kf7 36. Nh4 Re8 37. Nf3 Nxf3 38. Kxf3 Ke7 39. Rb2 Bc6+ 40.
Kf2 Kf6 41. Rd2 Rd8 42. Bc2 d5 43. Bb3 d4 44. Bd1 Re8 45. Rd3 Re3 46. Rxe3
dxe3+ 47. Kg3 Be4 48. Bf3 Bd3 49. Bd5 Be2 50. Kh4 Bxh5 51. Kg3 g5 52. fxg5+
hxg5 53. a3 f4+ 0-1

[Event "DEM U12/U12w 2009"]
[Site "Willingen GER"]
[Date "2009.06.04"]
[Round "8"]
[White "Ott, Florian"]
[Black "Xiong, Ferdinand"]
[Result "1-0"]
[Termination "normal"]
[Board "10"]
[WhiteElo "1567"]
[BlackElo "1815"]
[PlyCount "76"]
[WhiteFideId "12900281"]
[BlackFideId "24654132"]
[EventCountry "GER"]
[EventRounds "11"]
[EventType "swiss"]
[EventDate "2009.05.30"]

1. d4 Nf6 2. c4 g6 3. Nc3 Bg7 4. e4 d6 5. f4 O-O 6. Nf3 Nbd7 7. Be2 Ne8 8. O-O
c5 9. d5 e5 10. f5 h6 11. Be3 Ndf6 12. Nd2 Kh7 13. g4 Nd7 14. Qe1 Bf6 15. Nf3
g5 16. h3 Nb6 17. a4 Bd7 18. a5 Nc8 19. Rf2 Rg8 20. Rg2 Nc7 21. Qd2 Qf8 22. Bd1
Ne7 23. Ne2 Ne8 24. Ng3 Bh8 25. h4 gxh4 26. Nxh4 Nf6 27. g5 Ne8 28. Bh5 hxg5
29. Bxg5 Bf6 30. Nf3 Bxg5 31. Nxg5+ Kg7 32. Nxf7 Kf6 33. Nh6 Nc8 34. Nxg8+ Qxg8
35. Qh6+ Ke7 36. f6+ Nxf6 37. Nf5+ Bxf5 38. Rxg8 Nxg8 1-0

[Event "DEM U12/U12w 2009"]
[Site "Willingen GER"]
[Date "2009.06.04"]
[Round "8"]
[White "Birnkraut, Tim"]
[Black "Imcke, Patrick"]
[Result "1/2-1/2"]
[Termination "normal"]
[Board "11"]
[WhiteElo "1328"]
[BlackElo "1711"]
[PlyCount "68"]
[WhiteFideId "24609587"]
[BlackFideId "4622502"]
[EventCountry "GER"]
[EventRounds "11"]
[EventType "swiss"]
[EventDate "2009.05.30"]

1. e4 e6 2. d4 d5 3. Nd2 Nf6 4. e5 Nfd7 5. Bd3 c5 6. c3 Nc6 7. Ndf3 Be7 8. Ne2
b6 9. O-O a5 10. a3 Ba6 11. Bxa6 Rxa6 12. Qd3 Ra8 13. Rd1 O-O 14. Bf4 a4 15.
Qb5 Ndb8 16. Qd3 Na5 17. Rab1 Nc4 18. Nd2 Nxd2 19. Qxd2 Nc6 20. Qc2 Qd7 21. Ng3
cxd4 22. cxd4 f6 23. exf6 Bxf6 24. Be3 Na5 25. Nf1 Nc4 26. Nd2 Nxe3 27. fxe3
Rac8 28. Qd3 Rc7 29. Rbc1 Rfc8 30. Rxc7 Rxc7 31. Nf3 Qc6 32. Rd2 Qc1+ 33. Kf2
Qc4 34. Ke2 b5 1/2-1/2

[Event "DEM U12/U12w 2009"]
[Site "Willingen GER"]
[Date "2009.06.04"]
[Round "8"]
[White "Zimmermann, Christian"]
[Black "Richter, Leonard"]
[Result "1-0"]
[Termination "normal"]
[Board "12"]
[WhiteElo "1655"]
[BlackElo "1553"]
[PlyCount "59"]
[WhiteFideId "24692069"]
[BlackFideId "12900290"]
[EventCountry "GER"]
[EventRounds "11"]
[EventType "swiss"]
[EventDate "2009.05.30"]

1. e4 c6 2. d4 d5 3. exd5 cxd5 4. Bd3 Nc6 5. c3 Nf6 6. Bf4 Bg4 7. Qb3 Na5 8.
Qa4+ Bd7 9. Qc2 e6 10. Nf3 Be7 11. Nbd2 O-O 12. O-O Rc8 13. Ne5 Nc6 14. Qd1 Qb6
15. Qb1 Rfd8 16. Ndf3 h6 17. a3 Na5 18. Qc2 Nb3 19. Rae1 Ba4 20. Qe2 a6 21. Qe3
Bf8 22. h3 Bb5 23. Bxb5 Qxb5 24. Nxf7 Kxf7 25. Qxe6+ Kg6 26. Ne5+ Kh7 27. Qf5+
Kg8 28. Bxh6 gxh6 29. Qxf6 Nd2 30. Qf7+ 1-0

[Event "DEM U12/U12w 2009"]
[Site "Willingen GER"]
[Date "2009.06.04"]
[Round "8"]
[White "Lerch, Philipp"]
[Black "Srokovskiy, Andrea"]
[Result "1-0"]
[Termination "normal"]
[Board "13"]
[WhiteElo "1900"]
[BlackElo "1809"]
[PlyCount "133"]
[WhiteFideId "4654129"]
[BlackFideId "4624947"]
[EventCountry "GER"]
[EventRounds "11"]
[EventType "swiss"]
[EventDate "2009.05.30"]

1. e4 c5 2. Nf3 e6 3. d4 cxd4 4. Nxd4 a6 5. Nc3 Qc7 6. Be3 Bb4 7. Qd2 Nf6 8.
Bd3 d5 9. e5 Qxe5 10. O-O Bd7 11. f4 Qc7 12. Ncb5 Bxd2 13. Nxc7+ Kd8 14. Ncxe6+
fxe6 15. Bxd2 Nc6 16. Nf3 Rc8 17. Rae1 Kc7 18. Ng5 Nd8 19. Bc3 h6 20. Nf3 Nc6
21. Nd4 Nxd4 22. Bxd4 Kd6 23. c3 Rc6 24. f5 Ke7 25. Re2 Re8 26. fxe6 Rxe6 27.
Bxf6+ gxf6 28. Rfe1 Kf7 29. Rxe6 Rxe6 30. Rxe6 Kxe6 31. Kf2 Ke5 32. Kg3 Be8 33.
Kg4 b5 34. g3 a5 35. a3 d4 36. h4 h5+ 37. Kf3 Bc6+ 38. Ke2 dxc3 39. bxc3 f5 40.
Ke3 Bd7 41. Be2 Be8 42. Bf3 Kd6 43. Kf4 Kc5 44. Be2 a4 45. Kxf5 Kd5 46. g4 hxg4
47. Kxg4 Kc5 48. h5 Bxh5+ 49. Kxh5 Kb6 50. Kg5 Kc5 51. Kf5 Kc6 52. Ke6 Kc5 53.
Kd7 b4 54. cxb4+ Kb6 55. Kd6 Kb7 56. Bb5 Kb6 57. Bxa4 Ka6 58. Kc6 Ka7 59. b5
Kb8 60. Kb6 Ka8 61. Kc7 Ka7 62. Bb3 Ka8 63. Bc4 Ka7 64. b6+ Ka8 65. b7+ Ka7 66.
b8=B+ Ka8 67. Bd5# 1-0

[Event "DEM U12/U12w 2009"]
[Site "Willingen GER"]
[Date "2009.06.04"]
[Round "8"]
[White "Hecht, Carsten"]
[Black "Grigorian, Spartak"]
[Result "1/2-1/2"]
[Termination "normal"]
[Board "14"]
[WhiteElo "1605"]
[BlackElo "1765"]
[PlyCount "163"]
[WhiteFideId "24693928"]
[BlackFideId "24661490"]
[EventCountry "GER"]
[EventRounds "11"]
[EventType "swiss"]
[EventDate "2009.05.30"]

1. e4 c5 2. Nf3 e6 3. d4 cxd4 4. Nxd4 Nc6 5. Nc3 Qc7 6. Ndb5 Qb8 7. g3 Nf6 8.
Bf4 e5 9. Bg5 a6 10. Na3 Bb4 11. Bg2 h6 12. Bxf6 gxf6 13. O-O Bxc3 14. bxc3 b5
15. Nb1 d6 16. Nd2 Be6 17. Qe2 Na5 18. Rfd1 Nc4 19. Nxc4 Bxc4 20. Qd2 Ke7 21.
a3 Qb6 22. Rab1 Qc5 23. a4 h5 24. h4 Rhg8 25. Kh2 Rac8 26. a5 Rc6 27. Re1 Rd8
28. Rbd1 Be6 29. Re3 Qa3 30. c4 Qa2 31. Ree1 Qxc4 32. Rc1 Qc5 33. Red1 Qc3 34.
Qe2 Bg4 35. f3 Be6 36. Re1 Bc4 37. Qd1 Be6 38. Qe2 Qxa5 39. Kh1 Qc3 40. Red1
Bc4 41. Qf2 a5 42. Ra1 a4 43. Kh2 Be6 44. Rdc1 Qc5 45. Qe1 a3 46. c3 a2 47. Bh3
Bc4 48. Bf1 d5 49. Bxc4 Qxc4 50. exd5 Rxd5 51. Rc2 b4 52. Rcxa2 Qxc3 53. Ra7+
Rd7 54. Rxd7+ Kxd7 55. Ra7+ Kc8 56. Qxc3 bxc3 57. Ra1 c2 58. Rc1 Kb7 59. g4 f5
60. gxh5 e4 61. fxe4 fxe4 62. Kg3 Kb6 63. Kf4 Kb5 64. Kxe4 Kb4 65. h6 Kb3 66.
h7 Rh6 67. Kd3 Rxh7 68. Rxc2 Rxh4 69. Rf2 Rh7 70. Rf6 Kb4 71. Kd4 Kb5 72. Kd5
Rg7 73. Kd6 Rg1 74. Rxf7 Rd1+ 75. Kc7 Rc1+ 76. Kd8 Kb6 77. Ke8 Kc6 78. Kf8 Kd6
79. Rf6+ Ke5 80. Kg7 Rc7+ 81. Rf7 Rxf7+ 82. Kxf7 1/2-1/2

[Event "DEM U12/U12w 2009"]
[Site "Willingen GER"]
[Date "2009.06.04"]
[Round "8"]
[White "Brinkmann, Fabian"]
[Black "Hansch, Karsten"]
[Result "0-1"]
[Termination "normal"]
[Board "15"]
[WhiteElo "1601"]
[BlackElo "1839"]
[PlyCount "68"]
[WhiteFideId "24661414"]
[BlackFideId "24692239"]
[EventCountry "GER"]
[EventRounds "11"]
[EventType "swiss"]
[EventDate "2009.05.30"]

1. d4 Nf6 2. Bf4 g6 3. Nf3 Bg7 4. e3 d6 5. h3 O-O 6. c4 Nbd7 7. Nc3 c5 8. Be2
b6 9. O-O Bb7 10. a3 Ne4 11. Qc2 Nxc3 12. bxc3 Nf6 13. Nd2 Nd7 14. Bf3 Bxf3 15.
Nxf3 Rc8 16. Qb3 Nf6 17. Rfd1 Ne4 18. Nd2 Nxd2 19. Rxd2 Qc7 20. Rc1 f5 21. Rb1
cxd4 22. c5+ Kh8 23. cxd6 Qxc3 24. dxe7 Qxd2 25. exf8=Q+ Rxf8 26. Rd1 Qc3 27.
Qa4 d3 28. Qd7 Qxa3 29. Rxd3 Qa2 30. Qb5 Qa1+ 31. Kh2 Qb2 32. Qa6 Qe2 33. Qa3
a5 34. Be5 Bxe5+ 0-1

[Event "DEM U12/U12w 2009"]
[Site "Willingen GER"]
[Date "2009.06.04"]
[Round "8"]
[White "Lieber, Carl"]
[Black "Nöttling, Dominik"]
[Result "1/2-1/2"]
[Termination "normal"]
[Board "16"]
[WhiteElo "1587"]
[BlackElo "1781"]
[PlyCount "53"]
[BlackFideId "24672807"]
[EventCountry "GER"]
[EventRounds "11"]
[EventType "swiss"]
[EventDate "2009.05.30"]

1. e4 c5 2. Nf3 Nc6 3. d4 cxd4 4. Nxd4 g6 5. c4 Nf6 6. Nc3 d6 7. Be2 Bg7 8. Be3
O-O 9. O-O Bd7 10. f3 Qb6 11. Na4 Qc7 12. Nc3 a6 13. Rc1 Bh8 14. Qd2 Qa5 15. b3
b5 16. Nxc6 Bxc6 17. Nd5 Qxd2 18. Bxd2 Nxd5 19. cxd5 Bd7 20. Rc7 Rfd8 21. Ba5
Rab8 22. Rd1 Bf6 23. Ra7 Ra8 24. Rb7 Bc8 25. Rc7 Rd7 26. Rdc1 Rxc7 27. Rxc7
1/2-1/2

[Event "DEM U12/U12w 2009"]
[Site "Willingen GER"]
[Date "2009.06.04"]
[Round "8"]
[White "Manusina, Nicole"]
[Black "Myagkov, Kirill"]
[Result "1-0"]
[Termination "normal"]
[Board "17"]
[WhiteElo "1685"]
[BlackElo "1551"]
[PlyCount "79"]
[WhiteFideId "24657514"]
[BlackFideId "24657042"]
[EventCountry "GER"]
[EventRounds "11"]
[EventType "swiss"]
[EventDate "2009.05.30"]

1. d4 d5 2. Nf3 Nf6 3. c4 e6 4. Bg5 Be7 5. Nc3 O-O 6. e3 h6 7. Bh4 Ne4 8. Bxe7
Qxe7 9. cxd5 Nxc3 10. bxc3 exd5 11. Qc2 Bg4 12. Ne5 Bh5 13. Rb1 f6 14. Ng6 Bxg6
15. Qxg6 f5 16. Bd3 Rf6 17. Qh5 f4 18. Qxd5+ Kh8 19. e4 c6 20. Qb3 f3 21. g3 b6
22. Qb4 Qe6 23. Qc4 Qe7 24. Kd2 Nd7 25. e5 Re6 26. Kc2 g6 27. Be4 Rc8 28. Bd5
b5 29. Rxb5 cxb5 30. Qxc8+ Qe8 31. Qxe8+ Rxe8 32. Bc6 Re7 33. Bxd7 Rxd7 34. Re1
Kg7 35. e6 Re7 36. d5 Kf6 37. Kd3 Rc7 38. d6 Rc6 39. e7 Rxd6+ 40. Kc2 1-0

[Event "DEM U12/U12w 2009"]
[Site "Willingen GER"]
[Date "2009.06.04"]
[Round "8"]
[White "Schmücker, Felix"]
[Black "Koop, Thorben"]
[Result "1/2-1/2"]
[Termination "normal"]
[Board "18"]
[WhiteElo "1657"]
[BlackElo "1735"]
[PlyCount "48"]
[WhiteFideId "12900273"]
[BlackFideId "24661619"]
[EventCountry "GER"]
[EventRounds "11"]
[EventType "swiss"]
[EventDate "2009.05.30"]

1. e4 c5 2. Nc3 Nc6 3. g3 g6 4. Bg2 Bg7 5. d3 e6 6. f4 d6 7. Nf3 Nge7 8. O-O
O-O 9. Be3 Nd4 10. Bf2 Bd7 11. Re1 Bc6 12. Rb1 a5 13. Ne2 Nxf3+ 14. Bxf3 f5 15.
Nc3 a4 16. e5 dxe5 17. fxe5 b6 18. a3 Nd5 19. Nxd5 Bxd5 20. Qe2 Qd7 21. Rbd1 f4
22. Bxd5 Qxd5 23. Qe4 fxg3 24. Bxg3 Rf5 1/2-1/2